Prénom comme nom de famille comme prénom n°3 - Statistiques

Statistiques générales
  • Ce quiz a été pris 264 fois
  • Le résultat moyen est 8 sur 14
Statistiques - réponses
Prénom ?Nom? Nom de famille % Correct
Paul-Émile Victor Hugo
92%
Willie Nelson Mandela
90%
Jean-Max Albert Camus
88%
Steve Martin Scorsese
83%
Juan Carlos Santana
55%
Bertrand Russell Crowe
54%
Jamie Lee Curtis Mayfield
50%
Fabrice Colin Firth
49%
William Blake Lively
48%
George Harrison Ford
43%
Wycleaf Jean Sibelius
42%
Damien Adam Sandler
41%
John Wayne Gretzky
24%
John Irving Berlin
5%
Aucun quiz correspondant
Distribution des résultats
% des personnes avec chaque résultat
Percentile par nombre de réponses
Votre historique - résultats
Vous n’avez pas pris ce quiz